| 000 | 00714nam a2200217Ia 4500 | ||
|---|---|---|---|
| 001 | 26288448 | ||
| 003 | OSt | ||
| 005 | 20150408113729.0 | ||
| 008 | 920730s1990 enk b 000 0 eng d | ||
| 020 | _a0521091039 | ||
| 040 |
_aCUY _cCUY |
||
| 082 |
_221 _a306 |
||
| 100 | 1 |
_aArnold, Matthew, _d1822-1888. _96851 |
|
| 245 | 1 | 0 |
_aCulture and anarchy / _cMatthew Arnold ; edited with an introduction by J. Dover Wilson. |
| 260 |
_aCambridge, Eng. _bCambridge University Press, _c1990. |
||
| 300 |
_axl, 241 p. ; _c19 cm. |
||
| 504 | _aIncludes bibliographical references (p. [239]-241) 0 | ||
| 650 |
_aCulture. 0 _99962 |
||
| 651 |
_aGreat Britain _xSocial conditions _y19th century.\\ _99963 |
||
| 942 |
_2ddc _cBOOK |
||
| 999 |
_c1582 _d236082 |
||